| 000 | 00534nam a2200145Ia 4500 | ||
|---|---|---|---|
| 008 | 170221s9999 xx 000 0 und d | ||
| 100 | _aLai Yuh Ying | ||
| 245 | 3 | _aAn Exploration Study of Self-disclosure Communicative Strategies to Enact Friendship in Facebook Wall Posts | |
| 245 | _cLai Yuh Ying, Yap Ngee Thai, Mohd Faiz Sathivellu | ||
| 260 | _bInternational Review of Management and Marketing | ||
| 260 | _c2013 | ||
| 300 | _a: | ||
| 650 | _xMarketing. | ||
| 856 | _uhttp://www.econjournals.com/index.php/irmm/issue/view/97 | ||
| 999 |
_c313806 _d313806 |
||